00338nam a22001097a 4500003000400000082001100004100002600015245012100041260002500162300000700187650003400194SGT a617.84 aMANGARAJ, DIPTIRANJAN aCommunity Survey Of Awareness About The Knowledge Of Physiotherapy Services Amongst Health Care Proffssion Students  aSGT UNIVERSITYc2021 a78 aCommunity Survey Of Awareness